[Event "Athens Acropolis"]
[Site "Athens"]
[Date "2003.08.26"]
[Round "2"]
[White "Kotronias, Vasilios"]
[Black "Mastrovasilis, Dimitrios"]
[Result "1-0"]
[WhiteElo "2602"]
[BlackElo "2493"]
[Annotator "Ribli,Z"]
[PlyCount "65"]
[EventDate "2003.08.25"]
[EventType "tourn"]
[EventRounds "9"]
[EventCountry "GRE"]
[EventCategory "12"]
[SourceTitle "CBM 097"]
[Source "ChessBase"]
[SourceDate "2003.11.11"]
[SourceVersion "1"]
[SourceVersionDate "2003.11.11"]
[SourceQuality "1"]

1. e4 {Atlas,V} c5 2. Nf3 e6 3. d4 cxd4 4. Nxd4 Nc6 5. Nc3 Qc7 6. Be2 a6 7. O-O
Nf6 8. Be3 Bb4 {Diese - heutzutage wieder - populäre Fortsetzung hat
selbständige Bedeutung. Statt dessen konnte Schwarz mit 8...d6 die
Scheweninger Variante wählen.} 9. Na4 Be7 {Dieser Zug ist in Mode, aber 9...
Bd6 und 9...0-0 sind die Alternativen.} 10. c4 {Dieser Zug stellt eigentlich
ein Bauernopfer dar und wird heutzutage weniger gespielt.} Nxe4 {Das ist die
prinzipielle Fortsetzung für Schwarz, die Alternativen 10...0-0 und 10...d6
sind ein wenig passiv.} 11. c5 O-O 12. g3 {Mit diesem Zug bereitet Weiß Bf4
vor. Die Alternative Rc1 wird aber häufiger gespielt.} (12. Rc1) 12... f5 {
Schwarz verteidigt vorher den e4-Springer. Nach meiner Meinung bietet die
Alternative 12...e5 Schwarz gute Ausgleichschancen.} (12... Kh8 13. Bf3 Ng5 (
13... f5 14. Nb6 Rb8 15. Bf4 e5 16. Nd5 Qd8 17. Nxf5 exf4 18. Bxe4 Bxc5 19. b4
Ba7 20. Nd6 Qg5 21. Nxf4 Nd4 22. Bg2 Qe7 23. Nxc8 {1/2-1/2 Pavlovic,
M-Miladinovic,I/Halkida 1997/EXT 2003 (23)}) 14. Bg2 f5 15. Rc1 Rb8 16. Nb6 Nf7
17. Qa4 Nfe5 18. Rfd1 Ng4 19. Nxf5 Nxe3 20. Nxe3 Bxc5 21. Nxd7 Bxd7 22. Rxc5
Qb6 23. Qc2 Nb4 24. Qc4 Rbc8 {1/2-1/2 Picard,R-Blot,J/Hyeres 2002/EXT 2003 (24)
}) (12... Nf6 13. Nb6 (13. Bf3 Ne5 14. Bg2 Nc4 15. Bf4 e5 16. Nf5 d6 17. cxd6
Nxd6 18. Rc1 Qd8 19. Nxe7+ Qxe7 20. Re1 Bg4 21. Qd2 Nd7 22. Rc7 Rad8 23. h3 Be6
{0-1 Velimirovic,D-Ivanisevic,I/Herceg Novi 1999/EXT 2001 (33)}) 13... Rb8 14.
Rc1 g6 15. Bf3 e5 16. Nb3 d5 17. cxd6 Bxd6 18. Nc4 Be7 19. Bb6 Qd7 20. Qe2 {
1/2-1/2 Polzin,R-Heissler,J/Germany 1999/EXT 2000 (79)}) (12... Rb8 13. Bf3 f5
14. Bf4 d6 15. Bxe4 e5 16. Nxf5 Bxf5 17. Bxf5 Rxf5 18. Be3 Nd4 19. cxd6 Qxd6
20. Nc3 Rbf8 21. Bxd4 exd4 22. Qb3+ Kh8 23. Rad1 {1-0 Pavlovic,M-Miladinovic,I/
Panormo 1998/CBM 67 ext (44)}) (12... e5 13. Nf5 d5 14. cxd6 Bxd6 15. Nxd6 Qxd6
(15... Nxd6 $5 16. Bc5 Nd4 17. Bxd4 exd4 18. Qxd4 Bh3 $11) 16. f3 Qxd1 17.
Rfxd1 Nf6 18. Nb6 Rb8 19. Bc5 {1-0 Kovacevic,A-Perunovic,M/Lazarevac 1999/CBM
73 ext (50)}) 13. Nb6 (13. Bf3 Ng5 14. Bg2 f4 15. Bxf4 Rxf4 16. gxf4 Qxf4 17.
Ne2 Qh4 $44 {0-1 Joksic,S-Kaenel,H/Biel 1999/EXT 2000 (34)}) 13... Rb8 14. Bf4
$44 {[%csl Gb6,Gc5,Rc8,Gf4] Weiß hat fühlbaren positionellen Druck und gutes
Figurenspiel, was mehr als ausreichende Kompensation für den Bauern darstellt.}
d6 15. Nxc8 Qxc8 16. cxd6 Bxd6 (16... Nxd6 17. Rc1 $44) 17. Bxd6 Nxd6 18. Rc1 {
[%cal Gc1c8]} Rd8 (18... Qd7 $5 19. Nxc6 bxc6 20. b3 $44) 19. Bxa6 $11 {
Mit diesem Zug gewinnt Weiß das Material zurück. Jetzt wäre 19...bxa6?? ganz
schlecht wegen 20.Nxc6 mit Gewinn.} Qd7 20. Nxc6 bxc6 {Nach Vereinfachungen
haben wir eine Stellung, in der Weiß die viel bessere Bauernstruktur hat, aber
das Material ist reduziert.} 21. Qe2 Nb5 $1 {[%cal Gb5d4][%mdl 256] Ein guter
Verteidigungszug, wonach Weiß seinen Ba6 tauschen muss - sonst kommt Nd4.} 22.
Bxb5 Rxb5 (22... cxb5 $6 23. Rfe1 Rb6 (23... b4 24. Qxe6+ Qxe6 25. Rxe6 Rd2 26.
Rc7 $16) 24. Red1 Rd6 25. Rxd6 Qxd6 26. Qxb5 Rb8 27. Qe2 $16) 23. a4 {[%mdl
4096]} Rd5 {[%cal Gd8d1] Schwarz kontrolliert die einzige offene Linie des
Bretts.} 24. b4 {[%csl Ga4,Gb4] Die weißen Bauern sind potenziell stark am
Damenflügel.} Qd6 (24... Rb8 25. Rc4 (25. Qc4 Rd4 26. Qxc6 Qxc6 27. Rxc6 Rdxb4
$11)) (24... Rd4 $11) 25. a5 $14 Re5 (25... Rb8 26. Rc4 e5 27. Rfc1 e4 28. Qa2
$14) 26. Qd1 Rd5 (26... Qxd1 27. Rfxd1 Rxd1+ 28. Rxd1 Rb5 29. a6 Rb8 30. a7 Ra8
31. Rd7 $18) 27. Qa4 {[%csl Rc6]} Rd4 (27... c5 28. b5 $16) (27... Rc8 28. Rc4
$16) 28. Rxc6 Qxb4 29. Qa2 $1 {[%cal Ga2g8,Ga2a5] Weiß muss die Damen auf dem
Brett behalten.} (29. Qxb4 Rxb4 $14) 29... R4d5 (29... R4d6 $142 30. Rxd6 Qxd6
31. Re1 $14) 30. a6 $16 {[%csl Ga6] Der weiße ernfernte Freibauer ist sehr
unangenehm für Schwarz.} Qa5 31. Qc4 {[%csl Ga6,Gc4,Gc6]} (31. Qxa5 Rxa5 32.
Rxe6 Ra8 $11) 31... R8d6 {'?' Atlas,V.} ({Dieser unachtsame Turmzug schwächt
die Grundreihe und überlässt Weiß entscheidenden Vorteil. Nötig war} 31... R5d6
$1 {Atlas,V}) 32. Rc8+ {'!' Atlas,V.} Kf7 $6 33. a7 $18 {'!' Atlas,V. Atlas,V:
'The winning move.' Atlas,V: 'Black resigned in view of huge material losses:'
Atlas,V: 'Der Gewinnzug.' Atlas,V: 'Schwarz gab auf, denn ihm stehen gewaltige
Materialverluste ins Haus.'} (33. a7 Qxa7 (33... Ra6 {Atlas,V} 34. Qxa6 Qxa6
35. a8=Q) (33... Qxa7 34. Rc7+) 34. Rc7+ $18 {[%cal Rc7a7,Rc7f7]}) 1-0

[Event "UKR-ch KO 74th"]
[Site "Rivne"]
[Date "2005.08.31"]
[Round "4.4"]
[White "Efimenko, Zahar"]
[Black "Neverov, Valeriy"]
[Result "1-0"]
[WhiteElo "2643"]
[BlackElo "2572"]
[Annotator "Ribli,Z"]
[PlyCount "113"]
[EventDate "2005.08.24"]
[EventType "k.o."]
[EventRounds "5"]
[EventCountry "UKR"]
[SourceTitle "CBM 109"]
[Source "ChessBase"]
[SourceDate "2005.11.14"]
[SourceVersion "1"]
[SourceVersionDate "2005.11.14"]
[SourceQuality "1"]

1. e4 c5 2. Nf3 e6 3. d4 cxd4 4. Nxd4 a6 5. Be2 {Eine selten gespielte
Zugfolge. Nach meiner Meinung bietet die traditionelle Fortsetzung 5.c4, 5.Nc3
und 5.Bd3 Weiß mehr Ausichten auf Eröffnungsvorteil.} Qc7 (5... Nf6 $142 6. Nc3
Bb4 {Das wäre die natürliche und aktivere Fortsetzung für Schwarz.}) 6. O-O Nf6
7. Nc3 Nc6 8. Be3 Bb4 9. Na4 {Mit Zugumstellung gelangen wir zur populären
Hauptvariante.} Be7 {Dieser Zug wird heutzutage mehr gespielt, als 9...0-0.}
10. Nxc6 bxc6 11. Nb6 Rb8 12. Nxc8 Qxc8 13. Bd4 (13. e5 Nd5 14. Bc1 Bc5 15. c4
Ne7 {Das war die ehemalige Hauptvariante - in diesem Fall hat Schwarz
ausgezeichnete Ausgleichschancen.}) 13... c5 14. Be5 Rb6 15. Qd3 d6 (15... Qc6
16. Bf3 d6 17. Bc3 e5) 16. Bc3 O-O 17. b3 d5 18. exd5 {Aufgrund seines
Läuferpaares ist es logisch, dass Weiß die Stellung öffnen möchte, jedoch
bietet die Alternative 18.e5 Weiß Raumvorteil.} (18. e5 Nd7 19. f4 c4 20. bxc4
Rc6 $5 21. Qh3 Nb6 22. Bd3 g6 23. Rf3 Re8 24. Rg3 Qc7 25. Bd4 Nxc4 {1/2-1/2
Baramidze,D-Stellwagen,D/Maastricht 2004/CBM 100/[Ribli] (35)}) 18... Nxd5 19.
Be5 Rd8 (19... Bf6 20. Bxf6 Nxf6 21. Rad1 $14 {1/2-1/2 Shirov,A-Lutz,C/Germany
2001/CBM 82/[Ribli] (62)}) 20. Qg3 Bf6 21. Bxf6 (21. f4 Rb4 22. Bc4 Bxe5 23.
fxe5 Qc6 24. Rf3 Ne7 25. Raf1 Nf5 26. Qf2 Rb7 $13) 21... Nxf6 22. Rfd1 h6 (
22... Nd5 23. Rd2 {[%cal Ga1d1,Gd1d8]} Nb4 24. Rxd8+ Qxd8 25. c3 (25. Rd1)
25... Nd5 26. Rd1 Qb8 27. Qd3 Kf8 (27... h6) 28. Bf3 {[%csl Gf3][%cal Gf3a8] 1/
2-1/2 Timoshenko,G-Mastrovasilis,D/Chalkidiki 2002/CBM 92/[Ribli] (60)}) 23. h3
$14 {[%csl Ge2] Weiß hat einen kleinen Positionsvorteil; sein Läufer ist
wertvoller, als der schwarze Springer und er besitzt die bessere
Bauernstellung.} Rd5 (23... Nd5 24. Rd2 $14 {[%cal Ga1d1]}) 24. Bc4 (24. Rxd5
$2 exd5 $11 {[%csl Gc5,Gd5]}) 24... Rd7 25. Qe5 {[%csl Gc4,Gd1,Ge5][%mdl 2048]
Weiß hat aktiveres Figurenspiel, während die schwarzen Bauern am Damenflügel
potentiell schwach sind.} Qd8 26. Rxd7 Nxd7 27. Rd1 Qc8 (27... Nxe5 28. Rxd8+
Kh7 29. Be2 $14) 28. Qf4 Nf6 29. a4 {[%cal Ga4a5]} Ne8 30. Be2 {[%cal Ge2f3,
Gf3a8] Weiß möchte nun seine Läuferstellung verbessern.} (30. a5 Rc6 31. c3 $14
) 30... Rc6 (30... Rb4 31. Qe3 $14) 31. Qe5 Nf6 32. Bf3 Rc7 33. Rd6 $16 {
[%csl Gd6,Ge5,Gf3]} Nd7 34. Qc3 (34. Qf4 $16) 34... c4 35. b4 Nf6 36. Qd4 Rd7
37. Rxd7 Nxd7 (37... Qxd7 $2 38. Qxd7 Nxd7 39. Be2 Nb6 (39... Ne5 40. f4 Nc6
41. c3 $18) 40. a5 Nd5 41. c3 $18) 38. Qd6 Nf6 39. Qc6 Qd8 (39... Qxc6 40. Bxc6
$18 {[%cal Rc6b7,Rb7a6]}) 40. Qa8 {Das ist die technische Fortsetzung, aber 40.
Qxa6 ist auch gut.} (40. Qxa6 $18) 40... Qxa8 41. Bxa8 {[%mdl 4096] Weiß hat
praktisch eine gewonnene Stellung im Leichtfigurenendspiel; der aktive Läufer
auf der großen Diagonale ist deutlich besser, als der schwarze Springer, der
keine Aktivitäten entfalten kann.} Ne8 42. Bb7 Nc7 43. Kf1 Kf8 44. Ke2 Ke7 45.
Kd2 Nd5 (45... Kd6 46. Kc3 $18) 46. Bxd5 $1 exd5 47. Kc3 $18 {[%csl Ga4,Gb4]
[%cal Gc3d4] Das Bauernendspiel ist klar gewonnen für Weiß aufgrund seiner
ernfernten Freibauern am Damenflügel und seines aktiven Königs im Zentrum.} Kd6
48. Kd4 Kc6 49. c3 (49. g4 $18) 49... f6 50. g4 g6 (50... g5 51. f3 $18 (51.
b5+ axb5 52. axb5+ Kxb5 53. Kxd5 $18)) 51. h4 h5 52. gxh5 gxh5 53. f3 (53. b5+
axb5 54. axb5+ Kxb5 55. Kxd5 $18) 53... Kd6 54. b5 a5 55. b6 Kc6 56. b7 Kxb7
57. Kxd5 1-0

[Event "RUS-chT 09th Group1"]
[Site "Ekaterinburg"]
[Date "2002.05.19"]
[Round "3"]
[White "Dolmatov, Sergey"]
[Black "Tunik, Gennady"]
[Result "1/2-1/2"]
[WhiteElo "2586"]
[BlackElo "2491"]
[Annotator "Ribli,Z"]
[PlyCount "80"]
[EventDate "2002.05.17"]
[EventType "team-tourn"]
[EventRounds "7"]
[EventCountry "RUS"]
[SourceTitle "CBM 090"]
[Source "ChessBase"]
[SourceDate "2002.09.20"]
[SourceVersion "1"]
[SourceVersionDate "2002.09.20"]
[SourceQuality "1"]
[WhiteTeam "Norilsk Norilsky Nikel"]
[BlackTeam "Saratov GShK"]
[WhiteTeamCountry "RUS"]
[BlackTeamCountry "RUS"]

1. e4 c5 2. Nf3 e6 3. d4 cxd4 4. Nxd4 Nc6 5. Nc3 Qc7 6. Be2 a6 7. O-O Nf6 8.
Be3 {Großmeister Dolmatov spielt gern diesen Aufbau gegen die
Taimanov-Paulsen-Variante.} Bb4 9. Na4 Be7 {Dieser Läuferzug ist sehr populär.}
10. Nxc6 bxc6 11. Nb6 Rb8 12. Nxc8 Qxc8 13. Bd4 {Interessant ist, dass dieser
Zug zuerst in einer Partie Dolmatov,S-Tunik,G/RUS 1998 gespielt wurde! Siehe
die 13...c5-Variante. Die alte Fortsetzung wäre 13.e5 Nd5 14.Bc1 Bc5, wonach
Schwarz ausreichendes Gegenspiel hat.} d5 $5 {Dieser Bauernzug wird selten
angewendet, gewöhnlich spielt man 13...c5 oder 13...Nxe4, aber 13...0-0 ist
ebenfalls spielbar. Mit dem Textzug möchte Schwarz die Zentrumsstellung klären.
} (13... c5 14. Be5 Rb6 15. b3 O-O 16. Bd3 d6 17. Bb2 Nd7 18. f4 {[%csl Gb2,
Gd3,Gf1]} Bf6 19. Bxf6 Nxf6 20. Qe2 e5 $6 (20... Qc6 $5 21. e5 Nd5 22. Qe4 g6
$11) 21. fxe5 (21. f5 $5 $14) 21... dxe5 22. Bc4 $14 {[%csl Gc4][%cal Gc4g8] 1/
2-1/2 Dolmatov,S-Tunik,G/St Petersburg 1998/CBM 67/[Ribli] (63)}) (13... Nxe4
14. Bxg7 Rg8 15. Be5 d6 16. Qd3 f5 17. Bf4 Qb7 18. Rad1 Rd8 19. Bh5+ Kd7 20.
Qe2 Bg5 21. f3 Qb6+ 22. Kh1 Nf2+ 23. Rxf2 Bxf4 24. Bf7 $14 {0-1 Tseshkovsky,
V-Tunik,G/Ekaterinburg 2002/CBM 90 (63)}) 14. exd5 {Das ist die natürliche
Reaktion von Weiß - mit dem Läuferpaar öffnet er die Stellung. 14.e5?! wäre
keineswegs logisch - nach 14...Nd7 hätte Schwarz eine bequeme Stellung.} (14.
Qd3 a5 (14... dxe4 $2 15. Qxa6 $16) 15. Be5 Nxe4 $5 (15... Rb6 $5) 16. Bxg7 (
16. Bxb8 Qxb8 $44) 16... Rg8 17. Be5 Bd6 18. Bxd6 Nxd6 19. b3 (19. Qxh7 Kd7 20.
b3 Qd8 $44) 19... Ne4 20. c4 Qd8 {1/2-1/2 Lutz,C-Andersson,U/Leon 2001/CBM 86 
(37)}) 14... cxd5 15. c4 dxc4 $146 {[%mdl 4] Die Alternative 15...0-0 ist auch
spielbar. Mit dem Textzug möchte Schwarz die Stellung vereinfachen.} (15... O-O
16. Be5 Rb6 17. Qd4 Bc5 18. Qh4 Ne4 19. Bd3 f5 $13 20. Bxe4 fxe4 21. Rad1 Rb7
22. Qg4 Rf5 23. Bd4 Bxd4 24. Rxd4 Rxb2 25. cxd5 Qc5 26. dxe6 Rfxf2 $1 27. e7
Rxg2+ 28. Qxg2 Rxg2+ 29. Kxg2 Qxe7 30. Rg1 e3 {0-1 Gallagher,J-Iuldachev,S/
Sangli 2000/EXT 2001 (30)}) 16. Qa4+ {Das ist natürlich, aber der Turmzug 16.
Rc1 kommt auch in Betracht.} (16. Rc1 $5 O-O 17. Rxc4 $14 (17. Bxc4 Rd8 $132))
16... Qd7 17. Qxd7+ (17. Qxc4 $4 Rb4 $19) 17... Nxd7 18. Bxc4 $14 {Weiß hat
das Läuferpaar und eine Mehrheit am Damenflügel, und es hängt der a6P.
Andererseits ist das Material reduziert und Schwarz ist sehr nahe am Ausgleich.
} Bf6 (18... e5 19. Bc3 $14) 19. Bxf6 gxf6 $1 {Schwarz nimmt mit dem Bauern,
damit er später f6-f5 ziehen kann, aber was noch wichtiger ist - er kann mit
dem Springer nach c5 kommen.} (19... Nxf6 20. Bxa6 Rxb2 21. Rfb1 Rxb1+ 22. Rxb1
$14) 20. Bxa6 (20. Rfb1 a5 21. a3 Ke7 22. b4 a4 $5 $13 {[%cal Gd7b6]}) 20...
Nc5 $1 {Auf diese Weise gewinnt Schwarz ein wichtiges Tempo.} (20... Rxb2 21.
Rfb1 $16) 21. Bc4 (21. Be2 Rxb2 22. Bf3) 21... Rxb2 22. a4 {Der ernfernte
a-Freibauer scheint gefährlich zu sein, aber Schwarz kann eine starke
Blockadestellung aufbauen.} O-O (22... Ke7) 23. a5 Ra8 24. Rfc1 (24. a6 $6 Rc2
25. Bb5 (25. Rfc1 $2 Rxc1+ 26. Rxc1 Nxa6 27. Bxa6 (27. Ra1 Nc7 28. Rxa8+ Nxa8
$15) 27... Rxa6 $15) 25... Rb2 $11) 24... Nb3 25. Bxb3 Rxb3 {[%mdl 4096]
Dieses Turmendspiel ist theoretisch bekannt - mit vier Türmen auf dem Brett
gibt es eine große Remiswahrscheinlichkeit. In unserer konkreten Stellung kann
Weiß nicht mit seinem König am Damenflügel eindringen, aber mit nur zwei
Türmen auf dem Brett hätte er einige Gewinnchancen.} 26. Rc5 (26. Rc2 $2 Rxa5
$15) (26. Ra2 Ra6 $11) 26... f5 $1 $11 {Schwarz mobilisiert seine Bauern am
Königsflügel.} 27. g3 Ra7 {Schwarz verteidigt die 7. Reihe.} 28. Kg2 Rb4 29.
Ra2 Kf8 30. f4 Kg7 {Mit einfachen Wartezügen kann Schwarz das Endspiel halten.}
31. Kh3 Kg6 32. Kh4 Rb8 33. Ra4 h5 (33... Rb2 34. h3 Rb3 35. g4 fxg4 36. hxg4
h6 $11) 34. Rc6 Rb2 35. h3 Rb8 36. a6 {Der a6P ist nur scheinbar gefährlich -
Weiß kann nicht weiterkommen.} Kf6 37. Rac4 (37. Kxh5 $4 Rh8#) 37... Rba8 38.
Rc8 (38. Ra4 $11) 38... Rxa6 (38... Rxc8 39. Rxc8 Rxa6 $11) 39. Kxh5 Ra3 40.
Kh4 Kg6 1/2-1/2

[Event "EU-chT (Men) 14th"]
[Site "Plovdiv"]
[Date "2003.10.14"]
[Round "4.1"]
[White "Papaioannou, Ioannis"]
[Black "Kveinys, Aloyzas"]
[Result "1-0"]
[WhiteElo "2577"]
[BlackElo "2495"]
[Annotator "Ribli,Z"]
[PlyCount "63"]
[EventDate "2003.10.10"]
[EventType "team-swiss"]
[EventRounds "9"]
[EventCountry "BUL"]
[SourceTitle "CBM 098"]
[Source "ChessBase"]
[SourceDate "2004.02.03"]
[SourceVersion "1"]
[SourceVersionDate "2004.02.03"]
[SourceQuality "1"]
[WhiteTeam "Greece"]
[BlackTeam "Lithuania"]
[WhiteTeamCountry "GRE"]
[BlackTeamCountry "LTU"]

1. e4 c5 2. Nf3 Nc6 3. Nc3 e6 4. d4 cxd4 5. Nxd4 Qc7 6. Be2 a6 7. O-O Nf6 8.
Be3 {Das ist die sogenannte klassische Variante, die in letzter Zeit wieder
populär ist.} Bb4 {Dieser Läuferzug ist die prinzipielle Fortsetzung für
Schwarz, aber 8...d6 ist auch möglich, mit Übergang zur Scheweninger Variante
der Sizilianischen Eröffnung.} 9. Na4 O-O {Das ist die alte Fortsetzung, aber
heutzutage ist 9...Be7 populärer.} 10. Nxc6 bxc6 11. Nb6 {Mit diesem Zug
gewinnt Weiß gewinnt eigentlich einen Bauern, aber im Folgenden bekommt
Schwarz ein ausreichendes Gegenspiel.} (11. c4 $1 {Das ist die chancenreiche
Fortsetzung für Weiß, er möchte c4-c5 spielen, mit positionellem Druck am
Damenflügel.}) 11... Rb8 12. Nxc8 Rfxc8 13. Bxa6 Rf8 {Das ist die moderne
Fortsetzung. Der große Unterschied zwischen 13...Rd8 (was früher gespielt
wurde) und 13...Rf8 ist die Variante 14.Bd3 Bd6 15.Kh1 Be5 16.c3 Rxb2 17.Qc1
Ng4 18.f4 Ne3 19.Qb2 Bxf4 20.Qf2 Nxf1 21.Rxf1. Bei f8-Turmstellung (nach 13...
Rf8) ist die ganze Variante sinnlos für Weiß, da der f7P verteidigt ist.} 14.
Bd3 Bd6 15. f4 {Das ist die beste Fortsetzung für Weiß. Bei f8-Turmstellung
wäre die Variante 15.Kh1 schlechter - siehe die Anmerkungen nach 13...Rf8.} e5
16. f5 (16. b3 exf4 17. Bd4 f3 18. Qxf3 Bxh2+ 19. Kh1 Be5 20. Bxe5 Qxe5 21. Qf5
Rfe8 22. Qxe5 Rxe5 23. Rf5 Re7 24. Kg1 Kf8 25. Rf4 d6 26. a4 Nd7 {0-1 Hautot,
S-Kveinys,A/Pays de Charleroi BEL 2003/(45)}) 16... Rxb2 17. g4 {Weiß möchte
im Folgenden mit g4-g5 am Königsfluegel angreifen, weil Schwarz seine
Gegenchancen am Damenflügel und im Zentrum hat.} Qa5 {[%cal Gd6c5,Gc5g1] Mit
diesem Damenzug bereitet Schwarz den mögliche Läufertausch mit 18...Bc5 vor.} (
17... h6 18. h4 Re8 (18... Nd5 19. exd5 e4 20. Be2 Bc5 21. Bxc5 Qg3+ {1/2-1/2
Khamrakulov,I-Pogorelov,R/Lorca 2001/EXT 2002 (21)}) 19. g5 Nd5 20. exd5 e4 21.
Be2 Bc5 22. Bxc5 Qg3+ 23. Kh1 Qh3+ {1/2-1/2 Babula,M-Beil,Z/Prerov 1995/EXT 97
(23)}) 18. g5 (18. Kh1 Bc5) 18... Bc5 $6 {Aber dieser Zug ist nicht die beste
Möglichkeit für Schwarz. Es wäre nützlicher für Schwarz, zuerst 18...Ne8 zu
spielen und dann später Bc5 zu ziehen.} (18... Ne8 $5 19. Kh1 Bc5 20. Bd2 Bb4
21. Bc1 Rxa2 22. Rb1 d5 {1/2-1/2 Mueller,K-Horvath,J/Budapest 1991/CBM 26 ext 
(22)}) 19. gxf6 $5 {Diese Fortsetzung ist die Widerlegung des Zugs 18...Bc5?!.
Die Alternative 19.Bxc5 ist weniger ambitiös.} (19. Bxc5 Qxc5+ 20. Kh1 Ne8 {
Auf diese Weise erreichen wir - mit Zugumstellung - die Variante 18...Ne8 19.
Kh1 Bc5 20.Bxc5 Qxc5.} 21. f6 (21. Qg4 d5 22. Rf3 dxe4 23. Bxe4 Rb4 24. Rh3 Nd6
25. Qh5 Rfb8 26. Qxh7+ Kf8 27. Rf1 Rb1 {1/2-1/2 Luther,T-De la Riva Aguado,O/
Olot 1994/EXT 97 (35)}) (21. Qh5 f6 22. Rf3 fxg5 23. Qxg5 Nf6 24. Rg1 Rf7 25.
Rfg3 d5 {0-1 Wajih,N-Mishra,N/IND 1994/CBM 41 ext (42)}) 21... g6 22. Qg4 (22.
Qe1 d5 23. exd5 Qxd5+ 24. Be4 Qc4 25. Bd3 Qd5+ 26. Be4 Qc4 {1/2-1/2 Namyslo,
H-Kruck,D/GER 2001/EXT 2002 (26)}) 22... Nc7 23. h4 Ne6 24. Rae1 Rxa2 25. h5
Qd4 26. hxg6 fxg6 27. Rd1 Nf4 {0-1 Ionov,S-Totsky,L/Maikop 1998/CBM 66 (38)})
19... Bxe3+ 20. Kh1 gxf6 (20... g6 21. fxg6 hxg6 22. Qg4 Bf4 23. Qh4 Qc3 24.
Rg1 Rxc2 25. Bxc2 Qxc2 26. Rae1 Qc3 27. Qg4 {1-0 El Arousy,A-Munoz Sotomayor,H/
Istanbul 2000/EXT 2001 (34)}) (20... Qd8 21. fxg7 Kxg7 22. f6+ Kh8 23. Qh5 Qb8
24. Rae1 Bd2 25. Rd1 Be3 26. Rf3 Qb6 27. Qxe5 {1-0 Mongontuul,B-Burijovich,L/
Istanbul 2000/EXT 2001 (43)}) 21. Qg4+ Kh8 22. Rg1 Bg5 (22... Bxg1 $2 23. Rxg1
$18) (22... Bh6 23. Rg3 $36 {[%cal Ra1g1,Rg1g8]}) 23. h4 Bh6 24. Rg3 $36 {
Weiß hat einen Bauern weniger, aber er hat Initiative am Königsflügel. Seine
schwere Artillerie ist wirklich gefährlich auf der g-Linie.} (24. Rg2 $5 $36 {
[%cal Ra1g1,Rg1g8]}) 24... Qd2 (24... Rxa2 $2 25. Rag1 Qa8 26. Qh5 Bf4 27. Rg7
h6 28. Qg4 $18) 25. Rag1 {[%mdl 128] Es droht 26.Qg8+.} Rbb8 26. Bc4 {Es droht
27.Bxf7 und im Falle von 27...Rxf7 28.Qg8+ mit Gewinn.} (26. R3g2 Qf4 27. Bc4
$14) 26... d5 (26... Qf4 27. Bb3 Qxg4 28. Rxg4 Be3 29. Rd1 Bd4 30. c3 Bxc3 31.
Rxd7 $14) 27. exd5 cxd5 28. R3g2 Qa5 (28... Qd4 29. Qxd4 exd4 30. Bxd5 $14) 29.
Bb3 Qc5 (29... d4 30. Qh5 Be3 31. Rg7 Qa8+ 32. R1g2 h6 33. R7g5 Kh7 $11) 30.
Qh5 Be3 $2 (30... Bf4 31. Rg7 $18) (30... Qe3 31. Bxd5 Qh3+ 32. Rh2 Qe3 $14)
31. Rg7 $18 h6 32. R1g5 $1 {[%mdl 64]} (32. R1g5 $1 Bxg5 33. hxg5 Kxg7 34.
Qxh6+ Kg8 35. gxf6 $18) 1-0